Arival jeevitham/ (Record no. 2866)

000 -LEADER
fixed length control field 00370nam a22001571a 4500
020 ## - INTERNATIONAL STANDARD BOOK NUMBER
ISBN 9380696683
082 ## - DEWEY DECIMAL CLASSIFICATION NUMBER
Classification number M3
Item number JOS/A
100 ## - MAIN ENTRY--AUTHOR NAME
Personal name Jose Pazhukaran
245 ## - TITLE STATEMENT
Title Arival jeevitham/
Statement of responsibility, etc by Jose Pazhukaran
260 ## - PUBLICATION, DISTRIBUTION, ETC. (IMPRINT)
Place of publication Kannur:
Name of publisher Kairali,
Year of publication 2011.
300 ## - PHYSICAL DESCRIPTION
Number of Pages 168p.
650 ## - SUBJECT ADDED ENTRY--TOPICAL TERM
Topical Term Novel Malayalam
650 ## - SUBJECT ADDED ENTRY--TOPICAL TERM
Topical Term Literature Malayalam
650 ## - SUBJECT ADDED ENTRY--TOPICAL TERM
Topical Term Literature
942 ## - ADDED ENTRY ELEMENTS (KOHA)
Koha item type Book
Holdings
Withdrawn status Lost status Damaged status Not for loan Permanent Location Current Location Date acquired Cost, normal purchase price Full call number Accession Number Cost, replacement price Price effective from Koha item type
        Sree Sankaracharya University of Sanskrit Sree Sankaracharya University of Sanskrit 08.01.2015 100.00 M3 JOS/A 067639 0.00 08.01.2015 Book
        Sree Sankaracharya University of Sanskrit Sree Sankaracharya University of Sanskrit 08.01.2015 100.00 M3 JOS/A 067568 0.00 08.01.2015 Book